00782naa#a2200217#i#4500001001600000005001700016011001400033100004100047102000700088200006100095210013700156215001000293608002700303675008400330700002900414700002200443700002200465700003300487700003000520856001400550EN\\bibl\11077820260414105329.2##a2219-0767##a20251223b2025####ek#y0engy0150####ca##aRU1#aIntegration of technical support in CADeJournal article1#aVoronezhcFSBE Institution of Higher Education Voronezh State University of Forestry and Technologies named after G.F. Morozovd2025##a8 с.##aJournal article2local##aРадиолокация. Методы радиоизмерений. 621.396.96#1aKonchagMaksim Igorevich#1aMescheryakovgA S#1aMahiborodagM. A.#1aGladkihgTat'yana Vasil'evna#1aGroshevgArtem Sergeevich4#azh-szf.ru